000 00531nam a2200193 i 4500
001 146382
003 ES-MaACL
005 20250629063129.0
007 t|
008 070907s1947 sp ||||1| spa d
080 _a929:1 Sócrates
100 1 _aTovar, Antonio,
_d1911-1985
_9111167
245 1 0 _aVida de Sócrates /
_cAntonio Tovar.
260 _aMadrid :
_bRevista de Occidente,
_c[1947]
300 _a426 p. ;
_c23 cm.
600 1 4 _aSócrates.
_9107013
852 4 _aES-MaACL
_jC-4285
999 _c146382
_d146382